Регионална библиотека "Любен Каравелов" - Русе

Модна фризура. Фризьорство и перукерство (Запис номер 135636)

MARC детайли
000 -Лидер
Контролно поле с фиксирана дължина 01378nam a2200313 c 4500
003 - Код на организацията, давaща контролен номер
Контролно поле BLK
005 - Дата и час на последна редакция
Контролно поле 20210121112339.0
008 - Елементи от данни с фиксирана дължина
fixed length control field 180409b bul|||||r ||||||| ||bul||
010 ## - Наследен системен номер
LC control number KNG00141563000
040 ## - Източник на каталожния запис
Идентификатор на билиотеката - собственик на записа BLK
041 ## - Код за език
Код за езика на текст/звукозапис или на отделно заглавие Български
Код за езика КДБФ Български
080 ## - УДК
Текстов определител УДК Козметика. Бръснаро-фризьорство. Перукерство, маникюр, педикюр и др. ; лечебна козметика
УДК код - определител по УДК 687.5
УДК определител (035)
УДК - код + определител 687.5(035)
100 1# - Редна дума - Автор
Автор Георгиев, Георги Александров
Авторска отговорност първи автор
R(LIN) 378797
139 ## - Редно поле
Редна дума Георгиев, Георги Александров
Авторски знак Георгиев - Г 37
245 10 - Сведения за заглавието
Заглавие Модна фризура. Фризьорство и перукерство
Подзаглавни данни [Ръководство]
Редно поле (дума) Георги Александров Георгиев.
257 ## - Страна на издаване
Страна на създаване/издаване България
260 ## - Област на издателските данни
Име на издателя, разпространителя и проч. Техника
Година на издаване 1970
Място на издаване, разпространение и проч. София
300 ## - Физическа характеристика
Страници 134 с.
Илюстрации и др. с ил.
Размери/Мащаб 37 см
380 ## - Жанр
Жанр Техника
500 ## - Общи забележки
Забележка В кн. погрешно отбелязано 2. прераб. и доп. изд. - 10 085 тир.
650 #4 - Допълнително описание по предмет – тема
Основно описание – тема или топоним Фризьорство - наръчници и ръководство
9 (RLIN) 176211
653 ## - Ключова дума – ненормативна
Ключова дума ръководства
653 ## - Ключова дума – ненормативна
Ключова дума фризьорство
852 ## - Местоположение
Форматна сигнатура Цб ІІ 3830
856 4# - Електронен адрес и достъп
Електронен формат pdf - файл
856 4# - Електронен адрес и достъп
Електронен формат pdf - файл
999 ## - СИСТЕМНИ КОНТРОЛНИ НОМЕРА
Koha biblionumber 135636
Koha biblioitemnumber 135636
942 ## - АРТИКУЛИ
Вид на библиотечния материал Книги
Скрит в OPAC Не
Koha issues (borrowed), all copies 1
Периодичен библиозапис Да
944 ## - СЪЗДАВАНЕ И РЕДАКЦИЯ на ЗАПИСА
Създаване/Редакция Създаване
Дата на регистрацията/редакция 26.09.2016
Служител, извършил регистрацията/редакцията Елица_Владова
944 ## - СЪЗДАВАНЕ И РЕДАКЦИЯ на ЗАПИСА
Създаване/Редакция Редакция
Дата на регистрацията/редакция 26.09.2016
Служител, извършил регистрацията/редакцията Елица_Владова
999 ## - СИСТЕМНИ КОНТРОЛНИ НОМЕРА
Koha biblioitemnumber 135636
Наличности
Код за отписване Код за изгубен артикул Източник на класификационната схема Код за повреда Коз за рестрикции Код за отдаване Артикулен № Име на библиотеката - собственик Име на библиотеката, в която се намира в момента Статус (Текущо местоположение) Дата на вписване в системата Местоположение - отдел Цена в лева Инвентарен номер Систематично азбучна сигнатура Баркод Номер на екземпляра Цена в евро Служебна бележка Служебен тип на артикула
  Не е изгубен Universal Decimal Classification Не е повреден без рестрикции ползва се в читалня 221688 Регионална библиотека "Любен Каравелов" Русе Регионална библиотека "Любен Каравелов" Русе Хранилище 1970-01-01 Хранилище 0.85 70922 Цб ІІ 3830 120000070922 1 0.43 N: стар фонд Дата: 01.01.1970 Книги
Изтеглен Не е изгубен Universal Decimal Classification Не е повреден без рестрикции заемане за дома 221689 Регионална библиотека "Любен Каравелов" Русе Регионална библиотека "Любен Каравелов" Русе Заемна - подръчен фонд 1970-01-01 Заемна - подръчен фонд 0.30 641787 П 687.5/Г 37 641787 2 0.15 N: стар фонд Дата: 01.01.1970 Книги
Vip Innovations Ltd, Rousse, Bulgaria 2025